Producer Tags - Statistics

General Stats
  • This quiz has been taken 290 times
  • The average score is 10 of 22
Answer Stats
Hint Answer % Correct
Metro Boomin want some more Metro Boomin
97%
Southside on the track, yeahhh Southside
71%
Wheezy outta here! Wheezy
70%
We The Best Music! Another one!" DJ Khaled
69%
Yo, Pi'erre, you wanna come out here? Pi'erre Bourne
69%
Run that back, Turbo! Turbo
63%
Internet Money, bitch! Internet Money
60%
808 Mafia 808 Mafia
59%
DJ Durel ! DJ Durel
48%
Jahlil Beats, holla at me! Jahlil Beats
48%
Dat be Maaly Raw Maaly Raw
48%
Murda on the beat, so it's not nice Murda Beatz
46%
Hit-Boy! Hit-Boy
40%
Oh my god, Ronny Ronny J
38%
Sonniiccc! Sonic
36%
We got London on da track! LondonOnDaTrack
35%
Oh lawd, Jetson made another one! JetsonMade
33%
Buddah, bless this beat! Buddah Bless
32%
Nick, you're stupid! Nick Mira
25%
Cook that shit up, Quay! Quay Global
13%
Let's go, Mario! Supah Mario
8%
D.A got that dope! D.A Doman
4%
No matching quizzes found
Score Distribution
Percent of People with Each Score
Percentile by Number Answered
Your Score History
You have not taken this quiz